| 000 | 00464 a2200169 4500 | ||
|---|---|---|---|
| 999 |
_c276 _d276 |
||
| 008 | 221214b ||||| |||| 00| 0 eng d | ||
| 020 | _a9789386070111 | ||
| 082 | 0 | 0 |
_a629.8 _bN152 |
| 100 | _aNagrath, I. J. | ||
| 245 |
_aControl system engineering / _cI.J. Nagrath, and M. Gopal |
||
| 250 | _a6th ed. | ||
| 260 |
_aNew Delhi: _bNew Age International, _c2017. |
||
| 300 | _axiii, 901 p. | ||
| 650 | 0 | _aControl Theory | |
| 700 |
_92260 _aGopal, M. |
||
| 942 |
_2ddc _cBK |
||